Another Billy Bunter quiz - Statistics

General Stats
  • This quiz has been taken 9 times
  • The average score is 7 of 9
Answer Stats
Hint Answer % Correct
Billy's favourite pastime Eating
100%
The item which Billy Bunter expects by every post, but which never arrives Postal order
100%
The name of the class which Billy belongs to Remove
88%
Billy's minor in the Second Form Sammy
88%
Billy's sister, a pupil at Cliff House Bessie
75%
Billy's imaginary home, which he talks about incessantly to impress his classmates Bunter Court
75%
The word Billy shouts at people the most often when they do not do what he wants Beast!
63%
His real, and less impressive, home, which he never talks about Bunter Villa
63%
The animal which he is most often likened to in the books Owl
63%
No matching quizzes found
Score Distribution
Percent of People with Each Score
Percentile by Number Answered
Your Score History
You have not taken this quiz